[Event "Bosnjaci op 26th"]
[Site "Bosnjaci"]
[Date "2022.01.03"]
[Round "1"]
[White "Milinkovic, Dominik"]
[Black "Nemec, Vjekoslav"]
[Result "0-1"]
[WhiteElo "1763"]
[BlackElo "2194"]
[PlyCount "46"]
[EventDate "2022.01.03"]
[EventType "swiss"]
[EventRounds "9"]
[EventCountry "CRO"]
[SourceTitle "EXT 2023"]
[Source "ChessBase"]
[SourceDate "2022.10.05"]
[SourceVersion "1"]
[SourceVersionDate "2022.10.05"]
[SourceQuality "1"]

1. e4 g6 2. d4 Bg7 3. Nc3 d6 4. Be3 a6 5. Qd2 b5 6. f3 Bb7 7. 0-0-0 Nd7 8. g4 h6 9. h4 Ngf6 10. Nh3 Nb6 11. Bd3 Nfd7 12. Qf2 Rc8 13. Rhe1 b4 14. Ne2 c5 15. dxc5 dxc5 16. Ng3 Na4 17. h5 Nxb2 18. hxg6 fxg6 19. e5 Nxd3+ 20. Rxd3 Qa5 21. Rxd7 Kxd7 22. e6+ Ke8 23. c3 Qa3+ 0-1

[Event "CRO-ch U13"]
[Site "Trogir"]
[Date "2020.08.28"]
[Round "7"]
[White "Zadro, Matej"]
[Black "Milinkovic, Dominik"]
[Result "0-1"]
[WhiteElo "1654"]
[BlackElo "1626"]
[PlyCount "52"]
[EventDate "2020.08.24"]
[EventType "swiss"]
[EventRounds "9"]
[EventCountry "CRO"]
[SourceTitle "CBM 198 Extra"]
[Source "ChessBase"]
[SourceDate "2020.11.30"]
[SourceVersion "1"]
[SourceVersionDate "2020.11.30"]
[SourceQuality "1"]

1. e4 e5 2. Nf3 Nc6 3. Bb5 Bc5 4. c3 Nf6 5. 0-0 Nxe4 6. Bxc6 bxc6 7. Nxe5 Qf6 8. Nf3 d5 9. d4 Bd6 10. h3 0-0 11. Be3 Re8 12. Nh2 Bxh2+ 13. Kxh2 Ba6 14. Nd2 Bxf1 15. Nxe4 Rxe4 16. Qxf1 a5 17. Rc1 h5 18. c4 g5 19. cxd5 cxd5 20. Qb5 Qd6+ 21. Kg1 Rae8 22. Rc6 Qe7 23. Qxd5 Rxe3 24. fxe3 Qxe3+ 25. Kh1 Qf4 26. Qxa5 Re2 0-1

[Event "CRO-ch U13"]
[Site "Trogir"]
[Date "2020.08.26"]
[Round "4"]
[White "Bunic, Emanuel"]
[Black "Milinkovic, Dominik"]
[Result "1-0"]
[WhiteElo "1758"]
[BlackElo "1626"]
[PlyCount "35"]
[EventDate "2020.08.24"]
[EventType "swiss"]
[EventRounds "9"]
[EventCountry "CRO"]
[SourceTitle "CBM 198 Extra"]
[Source "ChessBase"]
[SourceDate "2020.11.30"]
[SourceVersion "1"]
[SourceVersionDate "2020.11.30"]
[SourceQuality "1"]

1. d4 d5 2. c4 dxc4 3. Nf3 Nf6 4. e3 a6 5. Bxc4 b5 6. Bb3 Bb7 7. Nc3 e6 8. Bc2 Nbd7 9. 0-0 c5 10. dxc5 Bxc5 11. b3 0-0 12. Bb2 Rc8 13. Ne2 Qc7 14. Rc1 Ng4 15. Ng3 Nxe3 16. Bxh7+ Kxh7 17. Ng5+ Kg8 18. Qh5 1-0

[Event "CRO-ch U13"]
[Site "Trogir"]
[Date "2020.08.26"]
[Round "5"]
[White "Milinkovic, Dominik"]
[Black "Borzan, Matej"]
[Result "1/2-1/2"]
[WhiteElo "1626"]
[BlackElo "1681"]
[PlyCount "86"]
[EventDate "2020.08.24"]
[EventType "swiss"]
[EventRounds "9"]
[EventCountry "CRO"]
[SourceTitle "CBM 198 Extra"]
[Source "ChessBase"]
[SourceDate "2020.11.30"]
[SourceVersion "1"]
[SourceVersionDate "2020.11.30"]
[SourceQuality "1"]

1. e4 d6 2. d4 Nf6 3. Nc3 g6 4. f3 Bg7 5. Be3 0-0 6. Qd2 Nbd7 7. 0-0-0 a6 8. Bh6 c5 9. Bxg7 Kxg7 10. e5 dxe5 11. dxe5 Ng8 12. h4 h6 13. h5 g5 14. f4 e6 15. Ne4 gxf4 16. Nxc5 Qg5 17. Nf3 Qe7 18. Nxd7 Rd8 19. Qxf4 Rxd7 20. Rxd7 Bxd7 21. Bd3 Bc6 22. Rh3 Qc5 23. Rg3+ Kf8 24. Nd4 Qa5 25. Nxe6+ Ke7 26. c3 Kxe6 27. Rxg8 Rxg8 28. Qf6+ Kd7 29. Qxf7+ Kc8 30. Qxg8+ Kc7 31. Qe6 Kb8 32. Qd6+ Ka7 33. Bc4 Bxg2 34. Kd2 Bf3 35. Qd4+ Kb8 36. Bf7 Qb5 37. c4 Qa5+ 38. Qc3 Qd8+ 39. Ke3 Bxh5 40. Bxh5 Qg5+ 41. Kd4 Qxh5 42. Kc5 Qg6 43. Qd4 Kc7 1/2-1/2

[Event "CRO-ch U13"]
[Site "Trogir"]
[Date "2020.08.24"]
[Round "1"]
[White "Fiolic, Luka"]
[Black "Milinkovic, Dominik"]
[Result "0-1"]
[WhiteElo "1252"]
[BlackElo "1626"]
[PlyCount "52"]
[EventDate "2020.08.24"]
[EventType "swiss"]
[EventRounds "9"]
[EventCountry "CRO"]
[SourceTitle "CBM 198 Extra"]
[Source "ChessBase"]
[SourceDate "2020.11.30"]
[SourceVersion "1"]
[SourceVersionDate "2020.11.30"]
[SourceQuality "1"]

1. e4 e5 2. Nf3 Nc6 3. d4 exd4 4. Nxd4 Nf6 5. Nc3 Bb4 6. Bd2 Nxd4 7. f3 d6 8. a3 Bxc3 9. Bxc3 Nc6 10. Bb5 Bd7 11. Qd2 h6 12. 0-0-0 a6 13. Ba4 Qe7 14. Rhe1 0-0-0 15. b4 Kb8 16. Bb3 Be6 17. Bd5 Qd7 18. h3 Rhe8 19. Bxf6 gxf6 20. Qxh6 Bxd5 21. exd5 Rxe1 22. Rxe1 Ne5 23. Qxf6 Re8 24. Re4 Qb5 25. Qg5 Qxd5 26. Qf5 Nd3+ 0-1